| 000 | 00396 a2200133 4500 | ||
|---|---|---|---|
| 040 |
_aLibrary of Congress _bEnglish |
||
| 082 | _a297.1243 | ||
| 100 | _aSaeedi, Allama Ghulam Rasool. | ||
| 245 |
_aSharah Sahee Muslim _cAllama Ghulam Rasool Saeedi. _h[Urdu] |
||
| 260 |
_aLahore : _bFareed Book Stall, _c1999. |
||
| 300 |
_av. 6 ; 1262 p. _c25 cm. |
||
| 650 | _aIslam. | ||
| 942 |
_cBK _k297.1243 SAE _2ddc |
||
| 999 |
_c7213 _d7213 |
||